000 00348nam a2200133Ia 4500
008 240624s9999 xx 000 0 und d
041 _aeng
082 _a338.5 KRO
100 _aKROUSE CLEMENT G
245 _aTHEORY OF INDUSTRIAL ECONOMICS
260 _c1990
_aCambridge
_bBasil Blackwell
300 _axxi, : 602 : p. : cm. ; 25
365 _cBPS
_b35
999 _c7591
_d7591